El carter sempre truca dues vegades / (Record no. 188855)

MARC details
000 -LEADER
campo de control de longitud fija 00673nam a2200193 i 4500
001 - NÚMERO DE CONTROL
campo de control 188855
003 - IDENTIFICADOR DE NÚMERO DE CONTROL
campo de control ES-MaACL
005 - FECHA Y HORA DE LA ÚLTIMA TRANSACCIÓN
campo de control 20250905063057.0
008 - DATOS DE LONGITUD FIJA--INFORMACIÓN GENERAL
campo de control de longitud fija 190219s1964 sp |||| | cat d
100 1# - ENTRADA PRINCIPAL--NOMBRE DE PERSONA
Nombre de persona Cain, James M.,
Fechas asociadas al nombre 1892-1977
9 (RLIN) 33470
245 13 - MENCIÓN DEL TÍTULO
Título El carter sempre truca dues vegades /
Mención de responsabilidad, etc. James M. Cain ; [traducció de Manuel de Pedrolo].
260 ## - PUBLICACIÓN, DISTRIBUCIÓN, ETC.
Lugar de publicación, distribución, etc. Barcelona :
Nombre del editor, distribuidor, etc. Ediciones 62,
Fecha de publicación, distribución, etc. [1964]
300 ## - DESCRIPCIÓN FÍSICA
Extensión 104 p. ;
Dimensiones 18 cm.
490 1# - MENCIÓN DE SERIE
Mención de serie Col·lecció "La Cua de Palla" ;
Designación de volumen o secuencia 12
700 1# - ENTRADA AGREGADA--NOMBRE PERSONAL
Nombre de persona Pedrolo, Manuel de,
Fechas asociadas al nombre 1918-1991
9 (RLIN) 89937
830 0# - PUNTO DE ACCESO ADICIONAL DE SERIE-TÍTULO UNIFORME
Título uniforme Col·lecció "La Cua de Palla" ;
Designación de volumen o secuencia 12
9 (RLIN) 193174
852 ## - LOCALIZACIÓN
Ubicación ES-MaACL
Número de control de estantería P-507-Bis-12
Holdings
Estatus retirado Estado de pérdida Estado de daño No para préstamo Biblioteca de origen Biblioteca actual Ubicación en estantería Fecha de adquisición Fuente de adquisición Total de préstamos Signatura topográfica completa Código de barras Visto por última vez Precio de reemplazo Tipo de ítem Koha
        Biblioteca del Ateneo de Madrid Biblioteca del Ateneo de Madrid Depósito 2 19/02/2019     P-507-Bis-12 1199991 23/02/2023 23/02/2023 Libro impreso